zpět

Detail výsledku týmu

Café Hostel, České Budějovice

Datum a čas kvízu

21.5 Celkem bodů Celkový počet nahraných bodů na tomto kvízu bez doplňovacích otázek.
6. Pořadí na kvízu Konečné umístění týmu na tomto kvízu.

Zaznamenané odpovědi

# Otázka Odpověď Body Výsledky
1. Zástupci organizace Liga Libe... v roušce 0
2. Spojené státy americké v úterý... Světová zdravotnická organizace (WHO) 1
3. Minulý týden vstoupil do kin d... Meky 1
4. Ve středu oslavil jeden význam... Ryanair 1
5. Fotbalisté Plzně se při střede... Roman Hubník 0
6. Různé návykové látky jsou užív... zelená, peprmintka 0
7. Užívání tabákových výrobků je... polevím z vysokejch otáček 1
8. Vhodné kultivary konopí jsou p... pazdeří 0
9. Znáte nebo dokážete odvodit ná... Heroin 0
10. Kokain je získáván z listů tro... D 0